书目信息 |
| 题名: |
克莱斯勒小提琴曲选
|
|
| 作者: | 克莱斯勒 曲 | |
| 分册: | 第一集 | |
| 出版信息: | 纽约 CHARLES FOLEY MUSIC PUBLISHER 不祥 |
|
| 页数: | 34页 | |
| 开本: | 28cm | |
| 丛书名: | ||
| 单 册: | ||
| 中图分类: | J657.21 | |
| 科图分类: | ||
| 主题词: | 外国音乐--作品 , 音乐--各国--作品 | |
| 电子资源: | ||
| ISBN: | ||
| 000 | 00608nam0 2200205 45 | |
| 001 | 0405101710 | |
| 005 | 20070428172105.90 | |
| 010 | @dCNY2.50 | |
| 100 | @a20040510d不祥 km y0chiy0120 ea | |
| 101 | 0 | @achi |
| 105 | @a z 000yy | |
| 200 | 1 | @a克莱斯勒小提琴曲选@h第一集@AKe Lai Si Le Xiao Ti Qin Qu Xuan@f克莱斯勒曲@FKe Lai Si Le Qu |
| 210 | @a纽约@cCHARLES FOLEY MUSIC PUBLISHER@d不祥 | |
| 215 | @a34页@d28cm | |
| 606 | 0 | @a外国音乐@x作品 |
| 606 | 0 | @a音乐@y各国@x作品 |
| 690 | @aJ657.21@v3 | |
| 701 | 0 | @a克莱斯勒@4曲 |
| 801 | @aCN@bPftUser@c20070428 | |
| 905 | @f1@b228311@dJ657.21@e167:1@b228313@f1 | |
| 克莱斯勒小提琴曲选.第一集/克莱斯勒曲.-纽约:CHARLES FOLEY MUSIC PUBLISHER,不祥 |
| 34页;28cm |
| ISBN :CNY2.50 |
| ● |
| 相关链接 |
|
|
|
|
正题名:克莱斯勒小提琴曲选
索取号:J657.21/167:1
 
预约/预借
| 序号 | 登录号 | 条形码 | 馆藏地/架位号 | 状态 | 备注 |
| 1 | 0228311 | 001228399 | 第一借阅区/ [索取号:J657.21/167:1] | 在馆 | |
| 2 | 0228312 | 001697122 | 第一样本阅览室/ [索取号:J657.21/167:1] | 在馆 |